Lieux des Jeux des îles de l'océan Indien depuis 1979 - Statistiques

Statistiques générales
  • Ce quiz a été pris 14 fois
  • Le résultat moyen est 10 sur 12
Statistiques - réponses
Année Nom de l'île % Correct
1985 Maurice
93%
2003 Maurice
93%
2019 Maurice
93%
1979 La Réunion
86%
1998 La Réunion
86%
2015 La Réunion
86%
1990 Madagascar
86%
2007 Madagascar
86%
2023 Madagascar
86%
1993 Seychelles
86%
2011 Seychelles
86%
2027 Comores
79%
Aucun quiz correspondant
Distribution des résultats
% des personnes avec chaque résultat
Percentile par nombre de réponses
Votre historique - résultats
Vous n’avez pas pris ce quiz